00474nam a22001577a 450000500170000000800410001702000260005804000090008404100120009308200160010510000230012124501200014426000290026430000080029365000150030120250318162256.0250318b |||||||| |||| 00| 0 eng d a9789386298607c680.00 aMAIN aEnglish a540.76bRAM aRamesh Publishing  aR. Guptas NTA Joint CSIR UGC NET Junior Research Fellowship and Eligibility for Lectureship b: Chemical Sciences  aNew DelhibRamesh c2026 a420 aChemistry